Vojenské dějiny Československa 1939-1945

Gespeichert in:
Bibliographische Detailangaben
Format: Buch
Sprache:Tschechisch
Veröffentlicht: Praha Naše vojsko 1988
Ausgabe:1. vyd.
Tags: Tag hinzufügen
Keine Tags, Fügen Sie das erste Tag hinzu!

MARC

LEADER 00000nam a2200000 4500
001 c039041
005 20221206134920.2
041 0 |a cze 
044 |a CZ 
245 1 0 |a Vojenské dějiny Československa  |b 1939-1945 
250 |a 1. vyd. 
264 1 |a Praha  |b Naše vojsko  |c 1988 
300 |a 797 s.